Quizzes
Events
Quiz Creation
Community
Videos
Private Events
Remove Ads
Sign In
Join for FREE
Feedback
Dark Mode
Quiz Categories
Sports
Geography
Music
Movies
Television
Just For Fun
Miscellaneous
History
Literature
Language
Science
Gaming
Entertainment
Religion
Holiday
For Kids
Quiz Lab
Recent
Popular Today
Quiz Kudos Today
Editor Picks
Curator Picks
Quizzes by...
Day
Popularity
Type
Ratings
Length
Year
Community
Subscriptions
Recent Discussions
Orange Saloon
Badges
Playlists
Quests
Create
Leaderboards
Showdown
Live 5
Trivia Bingo
Activity
Puzzle Library
Sporcle Events
Private Events
Virtual Trivia
Globe League
Become a Host
Pub Owners
SporcleCon
Opinionation
Our Games
Videos
Blog
Mobile Apps
Partnerships
Remove Ads and Go Orange
Feedback
Geography
Country
Landmarks
City
State
Population
World
Capital
Continent
Flags
Europe
Africa
Asia
South America
North America
Oceania
Border
Canada
United Kingdom
Topography
United States
Geography
Country
Landmarks
City
State
Population
World
Capital
Continent
Flags
Europe
Africa
Asia
South America
North America
Oceania
Border
Canada
United Kingdom
Topography
United States
Random Quiz
Search Sporcle
×
Quiz Lab
Quiz Lab
Geography
stop
Type in answers that appear in a list
Type in answers that appear in a list
Classic
Best Score? Go Orange.
Montreal Metro Stops Stats
Can you name the Montreal Metro Stops?
By
mcmcawesome
10m
73 Questions
130 Plays
130 Plays
130 Plays
Comments
Comments
Give Quiz Kudos
Give Quiz Kudos
-
- Ratings
hide this ad
Replay
Link that replays current quiz
Next Quiz
Link to next quiz in quiz playlist
You Got
0%
They Got
Avg Score
55%
Avg Friend Score
Upgrade to see
Score Distribution
Jump to the score distribution portion of the page
Score
0/73
Timer
10:00
0
Plays Today
Line
Stop
% Correct
Green
Berri-UQAM
92.3%
Orange
Berri-UQAM
92.3%
Yellow
Berri-UQAM
92.3%
Green
McGill
80.8%
Green
Peel
77.7%
Green
Place-des-Arts
75.4%
Green
Atwater
73.8%
Green
Lionel-Groulx
73.1%
Orange
Sherbrooke
73.1%
Orange
Lionel-Groulx
73.1%
Green
Guy-Concordia
72.3%
Green
Pie-IX
71.5%
Orange
Mont-Royal
71.5%
Orange
Snowdon
70.8%
Blue
Snowdon
70.8%
Green
St-Laurent
70%
Green
Honoré-Beaugrand
68.5%
Orange
Jean-Talon
66.9%
Blue
Jean-Talon
66.9%
Orange
Côte-Vertu
63.8%
Yellow
Longueuil-Université-de-Sherbrooke
63.8%
Orange
Henri-Bourassa
62.3%
Orange
Place D'Armes
61.5%
Blue
Parc
60.8%
Yellow
Jean-Drapeau
60%
Orange
Montmorency
59.2%
Green
Beaudry
57.7%
Orange
Bonaventure
57.7%
Blue
Université-de-Montréal
57.7%
Orange
Rosemont
56.9%
Green
Viau
56.2%
Orange
Jarry
56.2%
Orange
Champ-de-Mars
56.2%
Green
Papineau
55.4%
Orange
Laurier
54.6%
Orange
Villa-Maria
53.8%
Green
Verdun
53.1%
Line
Stop
% Correct
Orange
Square-Victoria
52.3%
Blue
Côte-des-Neiges
52.3%
Orange
Beaubien
51.5%
Orange
Namur
51.5%
Blue
Saint-Michel
51.5%
Orange
Vendome
50.8%
Green
Monk
50%
Orange
Lucien-L'Allier
50%
Green
Frontenac
49.2%
Green
LaSalle
49.2%
Blue
Outremont
48.5%
Green
Joliette
46.9%
Green
Radisson
46.2%
Orange
Crémazie
46.2%
Orange
Plamondon
46.2%
Green
De L'église
45.4%
Orange
Georges-Vanier
45.4%
Green
Cadillac
44.6%
Green
Jolicoeur
43.8%
Orange
Cartier
43.8%
Orange
De La Concorde
43.1%
Orange
Place-St-Henri
43.1%
Orange
De La Savane
43.1%
Blue
Édouard-Montpetit
43.1%
Orange
Sauvé
42.3%
Green
Charlevoix
40.8%
Orange
Du Collège
40.8%
Blue
Acadie
40.8%
Green
Assomption
40%
Green
Préfontaine
39.2%
Blue
Fabre
39.2%
Blue
De Castelnau
37.7%
Green
Langelier
36.2%
Green
Agrignon
33.8%
Blue
D'Iberville
30.8%
Orange
Côte-St-Catherine
30%
Quiz Playlist
Details
Report
Send in Message
Add To Playlist
Classic:
Type in answers that appear in a list
Last Updated: Feb 16, 2017
Quiz Scoreboard
CHALLENGE
Sign Up to Join the Scoreboard
Show All
Scores
Hide
Comments
May contain spoilers
Recently Published
Alphabetical 'K' Countries by Flag Minefield
by ylime102
Geography
3m
Pick 6: Fruits
by JohnFran
Miscellaneous
15s
Click the 1999 NBA Draft
by nibperrychub
Sports
2m
More to Explore
Quiz From the Vault
Featured Blog Post
15 Basketball Trivia Facts You Can Be March Mad About
hide this ad
You Might Also Like...
Tags
metro
montreal
Montreal Metro
stop
Today's Top Quizzes in Geography
Browse Geography
hide this ad
Today's Top Quizzes in stop
Browse stop
Top Contributed Quizzes in Geography
1
Countries of the World - No Outlines Minefield
2
Pick 6: Mountains
3
Least Populated Answer: 'G' Countries
4
Alphabetical 'L' Countries By Flag Minefield
5
Lietuvos savivaldybės (Lithuanian Municipalities)
6
Alphabetical 'M' Countries By Flag Minefield
7
Pick 6: National Parks
8
Pick 6: US States
9
African Flag Reveal XXXVI
10
Find the Landmarks A-Z
Explore More
Trending Topics
NBA
Crossword
Disney
Anime
Harry Potter
Kpop
Marvel
Pokémon
Country
NFL
WWE
The Office
Song
Puzzle
Soccer
hide this ad
More By:
mcmcawesome
Quiz
Plays
Rating
Category
Featured
Created
GUESS the LYRICS to this AWESOME song?
10,902
2.45
Music
Jan 30, 2010
Montreal Metro Stops
130
1.00
Geography
Jan 24, 2010
Go to Creator's Profile
Score Distribution
Quiz Creator Spotlight
mcmcawesome
Follow
Send a Message
Quizzes Created
-
Created Quiz Play Count
-
More By This Creator
Popular Quizzes Today
1
Countries of Asia Without Outlines Minefield
2
Find the US States - No Outlines Minefield
3
Pick 6: Fruits
4
Alphabetical 'K' Countries by Flag Minefield
5
The Countries of the World
6
Find the US States
7
US States
8
Find the Countries of Europe - No Outlines Minefield
More Geography Quizzes
Quick Pick: Longest Rivers
Quiz Lab
Trending Quizzes
Pick 6: Mountains
Pick 6: Harry Potter
Pick 6: Flags
Pick 6: NFL Teams
Pick 6: Movie Franchises
Recently Updated
NWSL Teams
pecheneg
Women's Final Four Teams by Year
bhenderson79
Presidents Quartet II
eogle
Anything But Clue(do)
eogle
Anything But Oceanian Capitals
eogle
Anything But 7
eogle
Anything But Thing
eogle
Word Ladder: February 29
pecheneg
Song Title Questions
pecheneg
Women's NCAA Tournament #1 Seeds
pecheneg
Trending Topics
Anime
Marvel
Kpop
NBA
Harry Potter
Disney
Crossword
NFL
WWE
The Office
Song
Soccer
Puzzle
Pokémon
Country
Your Account Isn't Verified!
In order to create a playlist on Sporcle, you need to verify the email address you used during registration. Go to your
Sporcle Settings
to finish the process.
Report this User
Report this user for behavior that violates our
Community Guidelines
.
Details:
Send Report
Go to the Sporcle.com Mobile Site →
Comments